00760nam a2200241 a 4500001001300000003000900013005001700022008004100039020002500080082001800105100002000123245002600143260004700169300000900216500003500225505004600260650002900306700002000335902000800355942000700363952013100370999001700501nice12345678IN_TiNIC20260116013831.0050524s1994 newa grp 000 0 eng  a081910X c367.500a261.8362bBAR aBarnes, Michael aEcology of the Spirit aNew YorkbUniversity Press of Americc1994 a242p aincludes index and biblioraphy2 a1893, Bibliography, reference and indexes aEcology and Christianity1 aBarnes, Michael bSRS cBK 001040708StackRoom-aHMIbHMId2007-07-10g367.50l2o261.8362 BARp017648r2017-11-24s2017-08-16v367.50w2005-05-24yBK c12735d12735